| 000 | 00659nam a22001937a 4500 | ||
|---|---|---|---|
| 005 | 20251108172526.0 | ||
| 008 | 250721s2002 xx 000 0 ara d | ||
| 082 | 1 | 4 | _a616.13/طيا |
| 100 | 1 | _aطياره، سام خالد | |
| 245 | 1 | 0 | _aأهم ما يجب أن تعرفه عن الكوليستيرول : أسبابه و مسبباته الوقايةأهم من العلاج / |
| 264 | 1 |
_aبيروت : _bمكتبة المعارف، _c2002. |
|
| 300 | _a112ص | ||
| 650 | 1 | 7 | _aالأمراض |
| 650 | 1 | 7 | _aتصلب الشرايين |
| 650 | 1 | 7 | _aتصلب عضلة القلب |
| 650 | 1 | 7 | _aالكوليسترول |
| 942 |
_2ddc _cBK |
||
| 999 |
_c81619 _d81619 |
||